<?xml version="1.0" encoding="UTF-8"?>
<record
    xmlns:xsi="http://www.w3.org/2001/XMLSchema-instance"
    xsi:schemaLocation="http://www.loc.gov/MARC21/slim http://www.loc.gov/standards/marcxml/schema/MARC21slim.xsd"
    xmlns="http://www.loc.gov/MARC21/slim">

  <leader>04758njm a2200661Ia 4500</leader>
  <controlfield tag="001">B9857</controlfield>
  <controlfield tag="003">IT-RoPAU</controlfield>
  <controlfield tag="005">20220918181114.0</controlfield>
  <controlfield tag="008">131025s9999    xx            000 0 und d</controlfield>
  <datafield tag="040" ind1=" " ind2=" ">
    <subfield code="a">IT-RoPAU</subfield>
  </datafield>
  <datafield tag="040" ind1=" " ind2=" ">
    <subfield code="c">IT-RoPAU</subfield>
  </datafield>
  <datafield tag="041" ind1=" " ind2=" ">
    <subfield code="a">ITALIANO</subfield>
  </datafield>
  <datafield tag="999" ind1=" " ind2=" ">
    <subfield code="c">99255</subfield>
    <subfield code="d">99255</subfield>
  </datafield>
  <datafield tag="999" ind1=" " ind2=" ">
    <subfield code="b">n.d.</subfield>
  </datafield>
  <datafield tag="100" ind1=" " ind2=" ">
    <subfield code="a">AA.VV.</subfield>
    <subfield code="9">794</subfield>
  </datafield>
  <datafield tag="100" ind1=" " ind2=" ">
    <subfield code="e">Autore musica</subfield>
    <subfield code="9">29559</subfield>
  </datafield>
  <datafield tag="100" ind1=" " ind2=" ">
    <subfield code="g">Codice autore musica SPICS: 12000</subfield>
    <subfield code="9">796</subfield>
  </datafield>
  <datafield tag="245" ind1=" " ind2=" ">
    <subfield code="a">36&#xB0; Zecchino d'oro</subfield>
  </datafield>
  <datafield tag="250" ind1=" " ind2=" ">
    <subfield code="a">1a ed.</subfield>
  </datafield>
  <datafield tag="260" ind1=" " ind2=" ">
    <subfield code="a">ITALIA</subfield>
  </datafield>
  <datafield tag="260" ind1=" " ind2=" ">
    <subfield code="b">EMI ITALIANA</subfield>
    <subfield code="c">1993 [1a Ed.:1993 - Ed. Lingua Orig.: 1993]</subfield>
  </datafield>
  <datafield tag="300" ind1=" " ind2=" ">
    <subfield code="a">COMPACT DISC</subfield>
  </datafield>
  <datafield tag="300" ind1=" " ind2=" ">
    <subfield code="c">45 minuti (Testo: 0 pag.)</subfield>
  </datafield>
  <datafield tag="500" ind1=" " ind2=" ">
    <subfield code="a">Canzoni pre bambini. Canzoni presentate al trentaseiesimo Zecchino d'Oro. </subfield>
  </datafield>
  <datafield tag="505" ind1=" " ind2=" ">
    <subfield code="a">Il coccodrillo come fa? (4:00) - Mami papi [(Jansen Luise) (4:00)] - La nonna di Beethoven [(Carluccio Michele) (4:00)] - Gli angeli di Notre Dame [(Cruc Maximilien) (3:00)] - Mamma che stress [(Fabbri Marina) (3:00)] - Balalaika  [(Gousseva Klara) (3:00)] - Pesciolino rosso [(Signorile Serena) (4:00)] - La barchetta di carta [(Nacinovich Alba) (4:00)] - I tre pagliacci [(Catanzaro Marco) (4:00)] - Tango matto [(Fideleff Lucia) (3:00)] - Si gira un film [(Plancher Cristina) (4:00)] - Minnie [(Spiteri Jacqueline) (4:00)] - Il dialetto dell'amore [(Zobec Ilenia) (3:00)] - Vulcani di qui... vulcani di l&#xE0;&#x2026; [(Piripi Mihiarangi) (4:00)]</subfield>
  </datafield>
  <datafield tag="511" ind1=" " ind2=" ">
    <subfield code="a">Coro dell'Antoniano di Bologna.</subfield>
  </datafield>
  <datafield tag="650" ind1=" " ind2=" ">
    <subfield code="a">CANZONI BAMBINI [COMPACT DISC]</subfield>
    <subfield code="e">Codice MATERIA SPICS: 9949</subfield>
    <subfield code="9">29560</subfield>
  </datafield>
  <datafield tag="700" ind1=" " ind2=" ">
    <subfield code="a">Massara P.</subfield>
    <subfield code="d">Codice autore musica SPICS: 10361</subfield>
    <subfield code="e">Autore musica</subfield>
    <subfield code="p">Il coccodrillo come fa?</subfield>
    <subfield code="9">29561</subfield>
  </datafield>
  <datafield tag="700" ind1=" " ind2=" ">
    <subfield code="a">Avogadro Oscar</subfield>
    <subfield code="d">Codice autore testo/musica SPICS: 21687</subfield>
    <subfield code="e">Autore testo/musica</subfield>
    <subfield code="p">Il coccodrillo come fa?</subfield>
    <subfield code="9">29562</subfield>
  </datafield>
  <datafield tag="700" ind1=" " ind2=" ">
    <subfield code="a">Azuze</subfield>
    <subfield code="d">Codice autore musica SPICS: 10363</subfield>
    <subfield code="e">Autore musica</subfield>
    <subfield code="p">Mami papi</subfield>
    <subfield code="9">29563</subfield>
  </datafield>
  <datafield tag="700" ind1=" " ind2=" ">
    <subfield code="a">Rapetti</subfield>
    <subfield code="d">Codice autore SPICS: 14325</subfield>
    <subfield code="e">Autore</subfield>
    <subfield code="p">Mami papi</subfield>
    <subfield code="9">29564</subfield>
  </datafield>
  <datafield tag="700" ind1=" " ind2=" ">
    <subfield code="a">Kunze M.</subfield>
    <subfield code="d">Codice autore testo/musica SPICS: 21693</subfield>
    <subfield code="e">Autore testo/musica</subfield>
    <subfield code="p">Mami papi</subfield>
    <subfield code="9">29565</subfield>
  </datafield>
  <datafield tag="700" ind1=" " ind2=" ">
    <subfield code="a">Martelli A.</subfield>
    <subfield code="d">Codice autore musica SPICS: 10512</subfield>
    <subfield code="e">Autore musica</subfield>
    <subfield code="p">La nonna di Beethoven</subfield>
    <subfield code="9">29566</subfield>
  </datafield>
  <datafield tag="700" ind1=" " ind2=" ">
    <subfield code="a">Castellano</subfield>
    <subfield code="d">Codice autore SPICS:  8314</subfield>
    <subfield code="e">Autore</subfield>
    <subfield code="p">La nonna di Beethoven</subfield>
    <subfield code="9">29567</subfield>
  </datafield>
  <datafield tag="700" ind1=" " ind2=" ">
    <subfield code="a">Pipolo</subfield>
    <subfield code="d">Codice autore testo/musica SPICS: 8203</subfield>
    <subfield code="e">Autore testo/musica</subfield>
    <subfield code="p">La nonna di Beethoven</subfield>
    <subfield code="9">29568</subfield>
  </datafield>
  <datafield tag="700" ind1=" " ind2=" ">
    <subfield code="a">White C.</subfield>
    <subfield code="d">Codice autore musica SPICS: 23013</subfield>
    <subfield code="e">Autore musica</subfield>
    <subfield code="p">Gli angeli di Notre Dame</subfield>
    <subfield code="9">29569</subfield>
  </datafield>
  <datafield tag="700" ind1=" " ind2=" ">
    <subfield code="a">Rolland J.</subfield>
    <subfield code="d">Codice autore SPICS: 10747</subfield>
    <subfield code="e">Autore</subfield>
    <subfield code="p">Gli angeli di Notre Dame</subfield>
    <subfield code="9">29570</subfield>
  </datafield>
  <datafield tag="700" ind1=" " ind2=" ">
    <subfield code="a">Rossi F.</subfield>
    <subfield code="d">Codice autore testo/musica SPICS: 35101</subfield>
    <subfield code="e">Autore testo/musica</subfield>
    <subfield code="p">Gli angeli di Notre Dame</subfield>
    <subfield code="9">29571</subfield>
  </datafield>
  <datafield tag="700" ind1=" " ind2=" ">
    <subfield code="a">Mercurio V.</subfield>
    <subfield code="d">Codice autore musica SPICS: 26679</subfield>
    <subfield code="e">Autore musica</subfield>
    <subfield code="p">Mamma che stress</subfield>
    <subfield code="9">29572</subfield>
  </datafield>
  <datafield tag="700" ind1=" " ind2=" ">
    <subfield code="a">Martucci Tony</subfield>
    <subfield code="d">Codice autore SPICS: 26076</subfield>
    <subfield code="e">Autore</subfield>
    <subfield code="p">Mamma che stress</subfield>
    <subfield code="9">29573</subfield>
  </datafield>
  <datafield tag="700" ind1=" " ind2=" ">
    <subfield code="a">Di Stefano E.</subfield>
    <subfield code="d">Codice autore testo/musica SPICS: 10802</subfield>
    <subfield code="e">Autore testo/musica</subfield>
    <subfield code="p">Mamma che stress</subfield>
    <subfield code="9">29574</subfield>
  </datafield>
  <datafield tag="700" ind1=" " ind2=" ">
    <subfield code="a">Anonimo</subfield>
    <subfield code="d">Codice autore musica SPICS: 2620</subfield>
    <subfield code="e">Autore musica</subfield>
    <subfield code="p">Balalaika</subfield>
    <subfield code="9">29575</subfield>
  </datafield>
  <datafield tag="700" ind1=" " ind2=" ">
    <subfield code="a">Testa A.</subfield>
    <subfield code="d">Codice autore testo/musica SPICS: 10807</subfield>
    <subfield code="e">Autore testo/musica</subfield>
    <subfield code="p">Balalaika</subfield>
    <subfield code="9">29576</subfield>
  </datafield>
  <datafield tag="700" ind1=" " ind2=" ">
    <subfield code="a">Bigarelli A.</subfield>
    <subfield code="d">Codice autore testo/musica SPICS: 10816</subfield>
    <subfield code="e">Autore testo/musica</subfield>
    <subfield code="p">Pesciolino rosso</subfield>
    <subfield code="9">29577</subfield>
  </datafield>
  <datafield tag="700" ind1=" " ind2=" ">
    <subfield code="a">Benussi V.</subfield>
    <subfield code="d">Codice autore musica SPICS: 10863</subfield>
    <subfield code="e">Autore musica</subfield>
    <subfield code="p">La barchetta di carta</subfield>
    <subfield code="9">29578</subfield>
  </datafield>
  <datafield tag="700" ind1=" " ind2=" ">
    <subfield code="a">Benussi B.</subfield>
    <subfield code="d">Codice autore testo/musica SPICS: 10966</subfield>
    <subfield code="e">Autore testo/musica</subfield>
    <subfield code="p">La barchetta di carta</subfield>
    <subfield code="9">29579</subfield>
  </datafield>
  <datafield tag="700" ind1=" " ind2=" ">
    <subfield code="a">Perrotin J.</subfield>
    <subfield code="d">Codice autore musica SPICS: 11444</subfield>
    <subfield code="e">Autore musica</subfield>
    <subfield code="p">I tre pagliacci</subfield>
    <subfield code="9">29580</subfield>
  </datafield>
  <datafield tag="700" ind1=" " ind2=" ">
    <subfield code="a">Tuminelli Sandro</subfield>
    <subfield code="d">Codice autore testo/musica SPICS: 25258</subfield>
    <subfield code="e">Autore testo/musica</subfield>
    <subfield code="p">I tre pagliacci</subfield>
    <subfield code="9">29581</subfield>
  </datafield>
  <datafield tag="700" ind1=" " ind2=" ">
    <subfield code="a">Pescador P.</subfield>
    <subfield code="d">Codice autore musica SPICS: 11592</subfield>
    <subfield code="e">Autore musica</subfield>
    <subfield code="p">Tango matto</subfield>
    <subfield code="9">29582</subfield>
  </datafield>
  <datafield tag="700" ind1=" " ind2=" ">
    <subfield code="a">Calabrese Giorgio</subfield>
    <subfield code="d">Codice autore testo/musica SPICS: 1368</subfield>
    <subfield code="e">Autore testo/musica</subfield>
    <subfield code="p">Tango matto</subfield>
    <subfield code="9">29583</subfield>
  </datafield>
  <datafield tag="700" ind1=" " ind2=" ">
    <subfield code="a">Pareti R.</subfield>
    <subfield code="d">Codice autore musica SPICS: 14344</subfield>
    <subfield code="e">Autore musica</subfield>
    <subfield code="p">Si gira un film</subfield>
    <subfield code="9">29584</subfield>
  </datafield>
  <datafield tag="700" ind1=" " ind2=" ">
    <subfield code="a">Sessa Vitali Vittorio</subfield>
    <subfield code="d">Codice autore testo/musica SPICS: 26086</subfield>
    <subfield code="e">Autore testo/musica</subfield>
    <subfield code="p">Si gira un film</subfield>
    <subfield code="9">29585</subfield>
  </datafield>
  <datafield tag="700" ind1=" " ind2=" ">
    <subfield code="a">Galea S.</subfield>
    <subfield code="d">Codice autore musica SPICS: 39928</subfield>
    <subfield code="e">Autore musica</subfield>
    <subfield code="p">Minnie</subfield>
    <subfield code="9">29586</subfield>
  </datafield>
  <datafield tag="700" ind1=" " ind2=" ">
    <subfield code="a">Testa C.</subfield>
    <subfield code="d">Codice autore testo/musica SPICS: 39929</subfield>
    <subfield code="e">Autore testo/musica</subfield>
    <subfield code="p">Minnie</subfield>
    <subfield code="9">29587</subfield>
  </datafield>
  <datafield tag="700" ind1=" " ind2=" ">
    <subfield code="a">Aprile Nicola</subfield>
    <subfield code="d">Codice autore musica SPICS: 29498</subfield>
    <subfield code="e">Autore musica</subfield>
    <subfield code="p">Il dialetto dell'amore</subfield>
    <subfield code="9">29588</subfield>
  </datafield>
  <datafield tag="700" ind1=" " ind2=" ">
    <subfield code="a">Beretta Luciano</subfield>
    <subfield code="d">Codice autore testo/musica SPICS: 13864</subfield>
    <subfield code="e">Autore testo/musica</subfield>
    <subfield code="p">Il dialetto dell'amore - Vulcani di qui... vulcani di l&#xE0;&#x2026;</subfield>
    <subfield code="9">29589</subfield>
  </datafield>
  <datafield tag="700" ind1=" " ind2=" ">
    <subfield code="a">Macmer</subfield>
    <subfield code="d">Codice autore musica SPICS: 35108</subfield>
    <subfield code="e">Autore musica</subfield>
    <subfield code="p">Vulcani di qui... vulcani di l&#xE0;&#x2026;</subfield>
    <subfield code="9">29590</subfield>
  </datafield>
  <datafield tag="942" ind1=" " ind2=" ">
    <subfield code="c">CD</subfield>
    <subfield code="2">ddc</subfield>
  </datafield>
  <datafield tag="952" ind1=" " ind2=" ">
    <subfield code="0">0</subfield>
    <subfield code="1">0</subfield>
    <subfield code="4">0</subfield>
    <subfield code="6">B_9857_000000000000000</subfield>
    <subfield code="7">1</subfield>
    <subfield code="a">SPICS</subfield>
    <subfield code="b">SPICS</subfield>
    <subfield code="d">2013-10-25</subfield>
    <subfield code="l">0</subfield>
    <subfield code="o">B9857</subfield>
    <subfield code="r">2013-10-25 00:00:00</subfield>
    <subfield code="w">2013-10-25</subfield>
    <subfield code="y">CD</subfield>
    <subfield code="z">Progr. Ins.: 973 / N.Vol.: 1 / Copie: 1 - Copia rara: n.d. / date import: 01.01.2014 - By Epidotti, Trombetti, Vaglietti</subfield>
  </datafield>
</record>
